Estimating (Record no. 103221)
[ view plain ]
| 000 -LEADER | |
|---|---|
| fixed length control field | 01165cam a2200277 4500 |
| 008 - FIXED-LENGTH DATA ELEMENTS--GENERAL INFORMATION | |
| fixed length control field | 031121n2003 000 0 eng u |
| 020 ## - INTERNATIONAL STANDARD BOOK NUMBER | |
| International Standard Book Number | 0860226190 |
| 035 ## - SYSTEM CONTROL NUMBER | |
| System control number | (Sirsi) u124407 |
| 041 ## - LANGUAGE CODE | |
| Language code of text/sound track or separate title | eng |
| 050 ## - LIBRARY OF CONGRESS CALL NUMBER | |
| Classification number | 692.5 |
| -- | 18 |
| 100 ## - MAIN ENTRY--PERSONAL NAME | |
| Personal name | Langmaid, John |
| 245 ## - TITLE STATEMENT | |
| Title | Estimating |
| Remainder of title | getting value from function |
| 260 ## - PUBLICATION, DISTRIBUTION, ETC. | |
| Place of publication, distribution, etc. | Bracknell |
| Name of publisher, distributor, etc. | BSRIA |
| Date of publication, distribution, etc. | 2003 |
| 300 ## - PHYSICAL DESCRIPTION | |
| Extent | 60p. |
| Dimensions | 30cm |
| 350 ## - PRICE (NR) (BK AM CF MU VM SE) [OBSOLETE] | |
| Price | 50 |
| 490 ## - SERIES STATEMENT | |
| Series statement | BSRIA Building Guide |
| 520 ## - SUMMARY, ETC. | |
| Summary, etc. | Explains how the process of estimating costs within a construction project requires accurate and unambiguous input information if it is to provide a better perception of value to the project client and to the specialist supplier. The construction industry, from professionals down to site operatives, need to realise that clients have different values to those of the construction industry in order to deliver value for money to the client. |
| 650 ## - SUBJECT ADDED ENTRY--TOPICAL TERM | |
| Topical term or geographic name entry element | VALUE FOR MONEY |
| 650 ## - SUBJECT ADDED ENTRY--TOPICAL TERM | |
| Topical term or geographic name entry element | ESTIMATING |
| 650 ## - SUBJECT ADDED ENTRY--TOPICAL TERM | |
| Topical term or geographic name entry element | VALUE ENGINEERING |
| 650 ## - SUBJECT ADDED ENTRY--TOPICAL TERM | |
| Topical term or geographic name entry element | CONSTRUCTION INDUSTRY |
| 650 ## - SUBJECT ADDED ENTRY--TOPICAL TERM | |
| Topical term or geographic name entry element | CONSTRUCTION CLIENTS |
| 650 ## - SUBJECT ADDED ENTRY--TOPICAL TERM | |
| Topical term or geographic name entry element | MANAGEMENT-PROJECT MANAGEMENT |
| 690 ## - LOCAL SUBJECT ADDED ENTRY--TOPICAL TERM (OCLC, RLIN) | |
| Topical term or geographic name as entry element | BUILDING AND CONSTRUCTION-PROJECTS |
| 942 ## - ADDED ENTRY ELEMENTS (KOHA) | |
| Suppress in OPAC | 0 |
| Withdrawn status | Lost status | Source of classification or shelving scheme | Damaged status | Not for loan | Home library | Current library | Shelving location | Date acquired | Total Checkouts | Full call number | Barcode | Date last seen | Copy number | Price effective from | Koha item type |
|---|---|---|---|---|---|---|---|---|---|---|---|---|---|---|---|
| Other/Generic Classification Scheme | London | London | Folio | 24/08/2006 | F692.5 LAN | 30072470 | 06/08/2019 | 2 | 06/08/2019 | Book |